00946 2200265 4500001002100000005001500021035002000036007000300056008004100059020001800100082001400118084002000132100002000152245004700172250001000219260004200229300002500271700001800296700002100314700002500335520023900360600003300599990002400632990002400656INLIS00000000001111720260123020534 a0010-0126000011ta260123 g 0 ind  a9786236603376 a344.032 7 a344.032 7 NOM h0 aNomensen Sinamo1 aHukum perlindungan anak /cNomensen Sinamo aCet.1 aJakarta :bJala Permata Aksara,c2024 aix, 190 hlm ;c23 cm0 aHendri Jayadi0 aHulman Panjaitan0 aParbuntian P. Sinaga aAnak adalah anak yang belum mencaoai usia 18 tahun, termasuk anak yang masih dalam kandungan. Bicara masalah anak di Indonesia sangat serius dan kompleks, karena menimpa dan melibatkan banyak anak yang dampaknya juga serius, kompleks. 4aLegal Assistance to Children a27565/MKRI-P/I-2026 a27565/MKRI-P/I-2026